000 00683nam a2200241Ia 4500
003 OSt
005 20221007081448.0
006 a|||||r|||| 00| 0
007 ta
008 221006b |||||||| |||| 00| 0 eng d
024 _a46,029
037 _cTextual
040 _aFLL
_cFLL
_beng
041 _2eng
_aeng
082 _aY15_5927, R0
100 _aARYA Sunaina Ed.
_929741
245 0 _aDalit feminist theory
_b A reader
260 _aNew York
_bRoutledge USA
_c2020
300 _axiv,245p.
_ccm.
700 _a Rathore Aakash Singh Ed.
942 _hY15_5927, R0
_cTEXL
_2CC
999 _c1163118
_d1163118